Χιακές παροιμίες και άλλες

Saved in:
Bibliographic Details
Main Author: Παγκάλου-Αρφαρά, Δέσποινα Ολυμπία
Format: Book
Language:Greek
Published: Αθήνα : Αγγελάκης, 2004
Subjects:
Tags: Add Tag
No Tags, Be the first to tag this record!

MARC

LEADER 00000cam a2200000 i 4500
001 1/81269
008 050715s2004 gre d
020 |a 960-8-160-13-8 
035 |l 10079230 
040 |a GR-MY-UA  |b gre  |e aacr 
041 0 |a gre 
082 0 |a 398.949582  |2 (22) 
100 1 |a Παγκάλου-Αρφαρά, Δέσποινα Ολυμπία. 
245 1 0 |a Χιακές παροιμίες και άλλες /  |c Δέσποινα Ολυμπία Παγκάλου-Αρφαρά 
260 |a Αθήνα :   |b Αγγελάκης,   |c 2004 
300 |a 165 σ.;  |c 20 εκ. 
650 0 0 |a Proverbs, Greek  |z Greece  |z Chios Island. 
650 0 0 |a Folklore  |z Greece  |z Chios (Municipality) 
852 |a INST  |b CHIOS  |e 20050715  |h 398.949582 ΠΑΓ  |p 005200022037  |q 005200022037  |t BK  |y 0 
901 |a BIBL2-2005-2 
909 |a Χ  |b 112855 
922 |a 2ΕΛΗ  |b 200502  |c ΚΕΝΤΡΙΚΗ ΒΙΒΛΙΟΘΗΚΗ  |d ΠΥΞΙΔΑ 
970 |a ΧΑΖΙΡΗ  |b ΑΝΝΑ  |z 2005/07/15